000 00497nam a22001817a 4500
003 CEME
005 20210628205927.0
008 210209b xxu||||| |||| 00| 0 eng d
020 _a0-7680-0141-2
040 _c.
082 _a629.2-SAE ADV
100 _a Sae
_99435
245 _aAdvances in safety technology
260 _aUSA
_bSAE INTERNATIONAL
_c1998
300 _a211P
650 _aAUTOMOTIVE VEHICLES-SAFETY TECHNOLOGY SAFETY TECHNOLOGY-AUTOMOTIVE VEHICLES
_977509
942 _cBK
_2ddc
999 _c582770
_d582770